000 00696na a2200253 4500
001 16604
003 MIRAKIL
005 20181213154913.0
008 161014b tu 000 0
020 _a9751710111
040 _aMilas
_btur
_cTR-AnCHP
041 _atur
082 _a915.6326
_bK26r 1993
090 _a915.6326 K26r 1993
100 _aKarpuz, Haşim
245 _aRize
_cHaşim Karpuz
260 _aAnkara
_bKültür Bakanlığı
_c1993
300 _aix, 182 s.
_bfotg. ; hrt.
_c20 sm.
440 _aKültür Bakanlığı Yayınları
_v1406
490 _aTanıtma Eserleri Dizisi
_v48
504 _aKaynakça var.
651 _aRize
_xTanıtım kitapları
942 _2ddc
_cBKS
999 _c2892
_d2892